000 00416nam a2200193Ia 4500
001 12706
003 GE_BSU
008 181216s||||||||xx |||||||||||||| ||und||
040 _cGE_BSU
080 _a821.111-32.1
100 _aNasan, Jonathan
245 _aTwenty-seven Bones
260 _aGreat Britain
260 _bBCA
260 _c2004
300 _a360p.24cm.
653 _aTwenty-seven Bones
942 _cBK
999 _c45877
_d45877